Polskie Lotniska po Kodach IATA - Statystyki

Ogólne statystyki
  • Ten quiz został rozwiązany 980 razy
  • Średni wynik to 12 z 14
Statystyki odpowiedzi
Kod IATA Lotnisko % Poprawnych
GDN Port Lotniczy Gdańsk - Rębiechowo
99%
KRK Port Lotniczy Kraków - Balice
98%
WAW Lotnisko Chopina w Warszawie
97%
KTW Port Lotniczy Katowice - Pyrzowice
97%
POZ Port Lotniczy Poznań - Ławica
97%
RZE Port Lotniczy Rzeszów - Jasionka
97%
WRO Port Lotniczy Wrocław - Strachowice
96%
BZG Port Lotniczy Bydgoszcz - Szwederowo
92%
SZZ Port Lotniczy Szczecin - Goleniów
89%
WMI Port Lotniczy Warszawa - Modlin
87%
LUZ Port Lotniczy Lublin - Świdnik
84%
LCJ Port Lotniczy Łódź - Lublinek
74%
IEG Port Lotniczy Zielona Góra - Babimost
67%
SZY Port Lotniczy Olsztyn - Mazury
66%
Nie znaleziono quizów pasujących do podanych kryteriów
Rozkład punktacji
Procent ludzi z każdym wynikiem
Percentyl według liczby udzielonych odpowiedzi
Twoja historia wyników
Nie rozwiązałeś tego quizu